000 00374cam a22001337a 4500
008 180718b1971 xxu||||| |||| 00| 0 eng d
082 _aF8x54 G443
100 _aGiri, V.S.
245 _aVoice of conscience
_cby V. S. Giri
260 _aMadras
_bVyasa
_c1971
300 _a245p.
650 _aIndia --Politics and government --1947
650 _aGiri, Varahagiri Venkata, 1894
999 _c345463
_d345463